| 000 | 00762nam a22001817a 4500 | ||
|---|---|---|---|
| 005 | 20250205064550.0 | ||
| 008 | 250205b |||||||| |||| 00| 0 eng d | ||
| 020 | _a0958434751 | ||
| 041 | _aEnglish | ||
| 082 | _a346.5 MEY | ||
| 100 |
_aD Meyerowitz _cAdvocate of the High Court of South Africa _lEnglish |
||
| 245 |
_aThe Law and Practice of Administration of Estates and Estate Duty : _bIncluding Drafting & Execution of Wills, Intestate Succession, Minors, Absent Persibs, Mental Patients, Trust and Trustess , Fiduciaries and Usurructuaries / _cD Meyerowitz |
||
| 250 | _a2001 Edition | ||
| 260 |
_aCape Town: _bThe Taxpayer CC, _c2001 |
||
| 300 |
_bxxx,; B-34, _c25 cm. |
||
| 650 |
_aLegal Practice _bLaw |
||
| 942 |
_cBK _6ALISON_BN_VRIES |
||
| 999 |
_c3288 _d3288 |
||